00772cam a22002057a 4500020001800000040000800018082002600026245007400052260007600126300003800202490004000240650000900280650000900289650002500298650002500323700004600348710006100394856005700455856005400512 a9789251052204 cORE a338 FOO 2008 A016 Or.00aRural transport of food products in Latin America and the Caribbean / aRome :bFood and Agriculture Organization of the United Nations,c2008. axi, 131 p. :bcol. ill. ;c30 cm.0 aFAO agricultural services bulletin, 0aFood 0aFood 0aRural transportation 0aRural transportation1 aLeón y de León, Leonardo Felicito de.2 aFood and Agriculture Organization of the United Nations.41uhttp://www.loc.gov/catdir/toc/fy1001/2008437690.html41uhttp://www.fao.org/docrep/010/y5711e/y5711e00.htm